00292nam a2200121Ia 4500008004100000082001600041100001600057245003500073250000900108260003700117300000800154650000800162191201s2000 xx 000 0 und d a658.32bGUW aGUPTA, Alka 0aWage and Salary Administration aRep. aN.DelhibAnmol Publicationc2000 a278 aMBA